Content management (Record no. 3228)

MARC details
000 -LEADER
fixed length control field 00810 a2200229 4500
010 ## - LIBRARY OF CONGRESS CONTROL NUMBER
LC control number ENG-85624
020 ## - INTERNATIONAL STANDARD BOOK NUMBER
International Standard Book Number 0070607575
Terms of availability 150.00
035 ## - SYSTEM CONTROL NUMBER
System control number EN-69157
037 ## - SOURCE OF ACQUISITION
Source of stock number/acquisition D.B.Act / Pub
082 14 - DEWEY DECIMAL CLASSIFICATION NUMBER
Classification number 658.4038
090 ## - LOCALLY ASSIGNED LC-TYPE CALL NUMBER (OCLC); LOCAL CALL NUMBER (OCLC)
-- 3292
-- 3292
100 1# - MAIN ENTRY--PERSONAL NAME
Personal name Hasanali, Farida
245 1# - TITLE STATEMENT
Title Content management
Remainder of title a guide for your journey to knowledge management best practices
Statement of responsibility, etc Farida Hasanali and Paige Leavitt
260 ## - PUBLICATION, DISTRIBUTION, ETC. (IMPRINT)
Place of publication, distribution, etc New Delhi
Name of publisher, distributor, etc Tata McGraw-Hill Publishing
Date of publication, distribution, etc 2004
270 ## - ADDRESS
Address 7, West Patel Nagar
City New Delhi
State or province Delhi
Postal code 110008
300 ## - PHYSICAL DESCRIPTION
Extent v, 91 p.
Dimensions 23 cm. (Pbk)
490 ## - SERIES STATEMENT
Series statement APQC's passport to success series
650 #0 - SUBJECT ADDED ENTRY--TOPICAL TERM
Topical term or geographic name as entry element Content management.
700 ## - ADDED ENTRY--PERSONAL NAME
Personal name Leavitt, Paige
942 ## - ADDED ENTRY ELEMENTS (KOHA)
Institution code [OBSOLETE] dpl
Koha item type English Books
Call number prefix 658.4038 / HAS
Holdings
Withdrawn status Lost status Source of classification or shelving scheme Damaged status Not for loan Collection code Home library Current library Source of acquisition Cost, normal purchase price Total Checkouts Full call number Barcode Date last seen Copy number Uniform Resource Identifier Cost, replacement price Price effective from Koha item type
    Dewey Decimal Classification   Not For Loan Non-fiction D.B.Act.Division D.B.Act.Division DBAD/PUB 150.00   658.4038 HAS EN-69157 15/09/2008 1 3435 150.00 15/09/2008 English Books

© Delhi Public Library
Hit Counter
free hit counter